Štěstí v práci - je ho více v Dánsku, v Silicon Valley nebo u nás?

Rozhovor s jedným z prvých manažérov šťastia a spokojnosti v práci (Michalom Šrajerom) po jeho ceste okolo sveta.

Enregistré dans:
Détails bibliographiques
Format: Chapitre de livre
Langue:tchèque
Sujets:
Tags: Ajouter un tag
Pas de tags, Soyez le premier à ajouter un tag!

MARC

LEADER 00000naa a2200000 4500
001 0236392
005 20171009142505.0
041 0 |a cze 
044 |a CZ 
245 1 0 |a Štěstí v práci - je ho více v Dánsku, v Silicon Valley nebo u nás? 
520 |a Rozhovor s jedným z prvých manažérov šťastia a spokojnosti v práci (Michalom Šrajerom) po jeho ceste okolo sveta. 
610 2 0 |a spokojnosť v práci 
610 2 0 |a Česko 
610 2 0 |a svet